Primer conteo navideño de aves en Colombia (Registro nro. 12417)

Detalles MARC
000 -CABECERA
Campo de control 005170000a22001810004500
090 ## - CLASIFICACIÓN LOCAL
Colección AR
Consecutivo 03366
041 0# - IDIOMA
Código de idioma para texto/pista de sonido o título separado
100 1# - ASIENTO PRINCIPAL--NOMBRE PERSONAL
Nombre personal Stiles, F. Gary
245 10 - MENCION DE TITULO
Título Primer conteo navideño de aves en Colombia
500 ## - NOTA GENERAL
Nota general <Colección Aves>
650 14 - ASIENTO SECUNDARIO DE MATERIA - TERMINO TEMATICO
Término temático o nombre geográfico como elemento de entrada Ornitología
650 14 - ASIENTO SECUNDARIO DE MATERIA - TERMINO TEMATICO
Término temático o nombre geográfico como elemento de entrada Aves
650 14 - ASIENTO SECUNDARIO DE MATERIA - TERMINO TEMATICO
Término temático o nombre geográfico como elemento de entrada Listas de aves
650 14 - ASIENTO SECUNDARIO DE MATERIA - TERMINO TEMATICO
Término temático o nombre geográfico como elemento de entrada Conteo de aves
651 #4 - ASIENTO SECUNDARIO DE MATERIA - NOMBRE GEOGRAFICO
-- Sabana de Bogotá
-- Cundinamarca
-- Colombia
773 1# - Item fuente:
Título Rupicola
Especificación de materiales 1347
Descripción física 1-2
Paginas del Articulo 3-6
Lugar, editorial y fecha de publicación 1988
Información sobre la relación 8
942 ## - ELEMENTOS ADICIONALES (KOHA)
Tipo de ítem Artículo
Existencias
Withdrawn status Lost status Damaged status No para préstamo Colección Ubicación Permanente Ubicación actual Fecha de adquisición Datos de publicación Seriada Total Checkouts Número topográfico Inventario / Código de Barras Date last seen Ejemplar Price effective from Forma de adquisición Tipo de material
      No para Préstamo Hemeroteca Bogotá Bogotá 27/02/2015 Fuera de circulación   AR 03366 013674 25/03/2015 1 25/03/2015   Artículo